Widok standardowy
Widok MARC
Pozycja Personal Name
Liczba rekordów, w których użyto hasła: 1
001 - Numer kontrolny
- control field: 38855
003 - Identyfikator numeru kontrolnego
- control field: NUKAT
005 - Data i czas ostatniej modyfikacji
- control field: 20260324100525.0
008 - Dane kontrolne kodowane (40 znaków)
- fixed length control field: 020620n||a|znnaabn |a aaa |c
010 ## - Numer kontrolny Biblioteki Kongresu
- numer kontrolny LC: n 2002085004
040 ## - Instytucja sporządzająca rekord
- inst. przygot. dane do rek. khw: WR O/dja
- język haseł przedmiotowych/tezaurus: kaba
- inst. wprow. rek. khw: WR O/dja
100 1# - Hasło - nazwa osobowa
- nazwa osobowa w formie ujednoliconej: Koniarek, Łukasz
- daty biograficzne: (1967- ).
670 ## - Źródło informacji
- źródło informacji: Drużyniacy, strzelcy, leguny / [wstęp do katalogu Łukasz Koniarek]. - Wrocław, 2001.
670 ## - Źródło informacji
- źródło informacji: Od autora.